The concept and application of equity in Islamic law and the Shari'ah courts in Malaysia /
Saved in:
| Main Author: | |
|---|---|
| Format: | Thesis |
| Language: | English |
| Published: |
Birmingham, United Kingdom :
Department of Theology School of Historical Studies, University of Birmingham,
2005
|
| Subjects: | |
| Tags: |
Add Tag
No Tags, Be the first to tag this record!
|
| LEADER | 015750000a22003490004500 | ||
|---|---|---|---|
| 001 | 345611 | ||
| 005 | 20230419095858.0 | ||
| 008 | 060324t2005 uk f 000 0 eng d | ||
| 035 | |a (Sirsi) 345611 | ||
| 040 | |a UIAM |b eng |e rda | ||
| 043 | 0 | |a a-my-- | |
| 050 | 0 | |a KPG490 | |
| 100 | 0 | |a Ghazali bin Haji Jaapar, |e author |9 87193 | |
| 245 | 1 | 4 | |a The concept and application of equity in Islamic law and the Shari'ah courts in Malaysia / |c by Ghazali bin Haji Jaapar |
| 264 | 1 | |a Birmingham, United Kingdom : |b Department of Theology School of Historical Studies, University of Birmingham, |c 2005 | |
| 300 | |a xix, 329 leaves ; |c 30 cm. | ||
| 336 | |2 rdacontent |a text | ||
| 337 | |2 rdamedia |a unmediated | ||
| 338 | |2 rdacarrier |a volume | ||
| 500 | |a "A thesis submitted to the University of Birmingham for the Degree of Doctor of Philosophy."--On title page. | ||
| 502 | |a Thesis (Ph. D.)--University of Birmingham, 2005. | ||
| 504 | |a Includes bibliographical references (leaves 313-329). | ||
| 650 | 0 | |a Equity |z Malaysia |9 87194 | |
| 650 | 0 | |a Justice, Administration of |z Malaysia |9 49926 | |
| 650 | 0 | |a Justice, Administration of (Islamic law) |z Malaysia |9 3743 | |
| 650 | 0 | |a Fairness |9 87195 | |
| 655 | 0 | 7 | |a Theses, IIUM foreign |9 13634 |
| 730 | 0 | |a Concept and application of equity in Islamic law and the Shari'ah courts in Malaysia, The. (Computer file) |9 87196 | |
| 900 | |a hj-his | ||
| 942 | |2 lcc |n 0 | ||
| 999 | |c 433617 |d 465017 | ||
| 952 | |0 0 |6 T KPG000490 G411C 2005 |7 0 |8 THESES |9 755391 |a IIUM |b IIUM |c MULTIMEDIA |g 0.00 |o t KPG490G411C 2005 |p 00001031065 |r 2017-10-20 |t 1 |v 0.00 |y THESIS | ||
